Welcome to CU Library Online Public Access Catalogue (OPAC)

Martin Luther's Basic Technological Writings (Record no. 5398)

MARC details
000 -LEADER
fixed length control field 00539nam a22001697a 4500
005 - DATE AND TIME OF LATEST TRANSACTION
control field 20250411102439.0
008 - FIXED-LENGTH DATA ELEMENTS--GENERAL INFORMATION
fixed length control field 250411b |||||||| |||| 00| 0 eng d
020 ## - INTERNATIONAL STANDARD BOOK NUMBER
International Standard Book Number 9780800623272
050 ## - LIBRARY OF CONGRESS CALL NUMBER
Classification number BR331 .E5 LUT
245 ## - TITLE STATEMENT
Title Martin Luther's Basic Technological Writings
Statement of responsibility, etc. Edited by; Timothy F. Lull, Foreword By; Jaroslav Pelikan
260 ## - PUBLICATION, DISTRIBUTION, ETC.
Place of publication, distribution, etc. Minneapolis
Name of publisher, distributor, etc. Fortress Press
Date of publication, distribution, etc. 1989
300 ## - PHYSICAL DESCRIPTION
Extent xix. 753p.
Dimensions 22 cm
650 ## - SUBJECT ADDED ENTRY--TOPICAL TERM
Source of heading or term Theology
700 ## - ADDED ENTRY--PERSONAL NAME
Personal name Lull Timothy F. (editor)
700 ## - ADDED ENTRY--PERSONAL NAME
Personal name Pelikan Jaroslav (contributor)
942 ## - ADDED ENTRY ELEMENTS (KOHA)
Source of classification or shelving scheme Library of Congress Classification
Koha item type Books
Suppress in OPAC No
999 ## -
-- 5398
-- 5398
Holdings
Withdrawn status Lost status Source of classification or shelving scheme Damaged status Not for loan Collection Home library Current library Shelving location Date acquired Total checkouts Full call number Barcode Date last seen Copy number Price effective from Koha item type
    Library of Congress Classification     Non-fiction Business Library (Miotso) Business Library (Miotso) General stacks 04/11/2025   BR331 .E5 LUT BSSM00001753 04/11/2025 1 04/11/2025 Books
© 2023-2024 Copyright: Central University Libraries. All Rights Reserved | Created by: Mahone Tech Office